000 00491nam a2200205Ia 4500
005 20240926121936.0
008 131103s9999 xx 000 0 und d
020 _a8172151039
_cRs.125
040 _aLoreto College
041 _aEnglish
082 _a891.44
_bSEN
100 _aSen, Sukumar
245 _aBangla sahityer etihas
_cSukumar Sen
260 _aKolkata
_bAnanda
_c1999
300 _aV.3
504 _aIncludes index
650 _aBengali
850 _aLCBED
942 _cBK
999 _c30393
_d80872